Don Toliver Discography - Statistics

General Stats
  • This quiz has been taken 42 times
  • The average score is 45 of 91
Answer Stats
Hint Answer % Correct
OCTANE E85
94%
OCTANE ATM
83%
Heaven Or Hell No Idea
83%
HARDSTONE PSYCHO BANDIT
80%
OCTANE Body
80%
HARDSTONE PSYCHO KRYPTONITE
80%
OCTANE Call Back
77%
OCTANE Rosary
77%
Heaven Or Hell Cardigan
74%
HARDSTONE PSYCHO TORE UP
74%
Life of a DON You
74%
OCTANE K9
71%
Love Sick Private Landing
71%
OCTANE Secondhand
71%
OCTANE Tiramisu
71%
OCTANE Rendezvous
69%
OCTANE Sweet Home
69%
OCTANE Excavator
66%
HARDSTONE PSYCHO NEW DROP
66%
Heaven Or Hell No Photos
66%
OCTANE Opposite
66%
Heaven Or Hell After Party
63%
HARDSTONE PSYCHO ICE AGE
63%
HARDSTONE PSYCHO 4X4
60%
OCTANE All the Signs
60%
HARDSTONE PSYCHO BROTHER STONE
60%
Life of a DON Flocky Flocky
60%
OCTANE Gemstone
60%
Heaven Or Hell Heaven or Hell
60%
OCTANE Long Way to Calabasas
60%
Life of a DON Way Bigger
60%
Life of a DON XSCAPE
60%
Heaven Or Hell Company
57%
Heaven Or Hell Had Enough
57%
HARDSTONE PSYCHO HARDSTONE NATIONAL ANTHEM
57%
Love Sick Love Sickness
57%
OCTANE Pleasure's Mine
57%
OCTANE TMU
57%
HARDSTONE PSYCHO ATTITUDE
54%
HARDSTONE PSYCHO GLOCK
54%
Life of a DON 5X
51%
HARDSTONE PSYCHO BACKSTREETS
51%
Heaven Or Hell Can't Feel My Legs
51%
Life of a DON Company Pt 2
51%
HARDSTONE PSYCHO DEEP IN THE WATER
51%
Heaven Or Hell Euphoria
51%
OCTANE Tuition
51%
Life of a DON 2AM
49%
HARDSTONE PSYCHO 5 TO 10
49%
Love Sick Company Pt. 3
49%
Donny Womack Diva
49%
HARDSTONE PSYCHO INSIDE
49%
Life of a DON Smoke
49%
Life of a DON Swangin’ on Westheimer
49%
Heaven Or Hell Spaceship
46%
Heaven Or Hell Candy
43%
Life of a DON What You Need
43%
Life of a DON BOGUS
40%
Love Sick Bus Stop
40%
Life of a DON Crossfaded
40%
Donny Womack Diamonds
40%
HARDSTONE PSYCHO LAST LAUGH
40%
Love Sick Leave the Club
40%
Life of a DON OUTERSPACE
40%
Heaven Or Hell Wasted
40%
Love Sick 4 Me
37%
Love Sick Do It Right
37%
Love Sick Cinderella
34%
Love Sick Leather Coat
34%
Love Sick Go Down
31%
Love Sick Slow Motion
31%
Love Sick Time Heals All
31%
Life of a DON Double Standards
29%
Life of a DON Get Throwed
29%
Love Sick Honeymoon
29%
Love Sick Let Her Go
29%
Donny Womack Video Girl
29%
Donny Womack 2 Lil Shorty
26%
Donny Womack Bang Bang
26%
Love Sick If I Had
26%
Donny Womack Mama Mia
26%
Donny Womack AMG
23%
Donny Womack Run Up
23%
Donny Womack Around
20%
Love Sick Encouragement
20%
Donny Womack Holdin' Steel
20%
Donny Womack Issues
20%
Donny Womack Backend
17%
Donny Womack Talk No More
17%
Life of a DON Drugs N Hella Memories
3%
HARDSTONE PSYCHO PURPLE PAIN
3%
No matching quizzes found
Score Distribution
Percent of People with Each Score
Percentile by Number Answered
Your Score History
You have not taken this quiz